Desarrollo de películas con propiedades predeterminadas por modificación superficial de poliolefinas /
Guardado en:
| Otros Autores: | , |
|---|---|
| Formato: | Manuscrito |
| Idioma: | Spanish |
| Publicado: |
2015.
|
| Materias: | |
| Acceso en línea: | Texto completo |
| Etiquetas: |
Agregar Etiqueta
Sin Etiquetas, Sea el primero en etiquetar este registro!
|
| LEADER | 01202ntm a22002655a 4500 | ||
|---|---|---|---|
| 001 | EIQ.libpla004569 | ||
| 008 | 150522s2015####ag#a#####bm###000#0#spa#d | ||
| 005 | 20151125144803.0 | ||
| 245 | 1 | 0 | |a Desarrollo de películas con propiedades predeterminadas por modificación superficial de poliolefinas / |c Ana Luisa Grafia. |
| 260 | |c 2015. | ||
| 300 | |a CD, 388 p. : |b il. ; |c 12 cm. | ||
| 500 | |a "Tesis Doctoral en Ingeniería Química". | ||
| 500 | |a Directora de tesis: Silvia Elena Barbosa. | ||
| 502 | |a Tesis (doctoral)--Universidad Nacional del Sur. Departamento de Ingeniería Química, 2015. | ||
| 530 | |a Disponible también en formato digital | ||
| 504 | |a Incluye referencias bibliográficas. | ||
| 538 | |a 1 CD | ||
| 100 | 1 | |a Grafia, Ana Luisa. |4 dis | |
| 700 | 1 | |a Barbosa, Silvia Elena. |4 ths | |
| 710 | 2 | |a Universidad Nacional del Sur. |b Departamento de Ingeniería Química |4 dgg. | |
| 082 | 0 | 4 | |a 668.4234 |2 21 |
| 650 | 7 | |a Plásticos |2 Polímeros |x Películas poliolefínicas |x Polietilenos | |
| 650 | 7 | |a Plastics |2 Polymers |x Polyolefins films |x Polyethylenes | |
| 856 | 4 | 1 | |3 Texto completo |u http://repositoriodigital.uns.edu.ar/handle/123456789/2490 |
| 859 | |a AR-BbSID |b BIB. PLAPIQUI |h 668.4234 |i G757 |p 6458 | ||
